Gloria in Excelsis (Record no. 1100)

MARC details
000 -CABECERA
campo de control de longitud fija 01367nam a2200265 a 4500
001 - NÚMERO DE CONTROL
campo de control BRCA_1230
005 - FECHA Y HORA DE LA ÚLTIMA TRANSACCIÓN
campo de control 20190320203334.0
008 - DATOS DE LONGITUD FIJA--INFORMACIÓN GENERAL
campo de control de longitud fija 850919s1986 nyua---##b---#000-0#eng-#
050 #4 - SIGNATURA TOPOGRÁFICA DE LA BIBLIOTECA DEL CONGRESO
Número de clasificación ND343
Número de documento/Ítem .G56 1986
245 10 - MENCIÓN DE TÍTULO
Título Gloria in Excelsis
Resto del título the Virgin and Angels in Viceregal Painting of Peru and Bolivia
Mención de responsabilidad, etc. director John Stringer ; guest curator Barbara Duncan ; guest curator Teresa Gisbert.
260 ## - PUBLICACIÓN, DISTRIBUCIÓN, ETC.
Lugar de publicación, distribución, etc. Nueva York
Nombre del editor, distribuidor, etc. Center for Inter-American Relations
Fecha de publicación, distribución, etc. 1986
300 ## - DESCRIPCIÓN FÍSICA
Extensión 96 p.
Otras características físicas il. (algunas a color)
Dimensiones 27 cm.
500 ## - NOTA GENERAL
Nota general Catálogo de la exposición realizada en Center for Inter-American Relations (Nueva York), 12 novimebre, 1985 - 10 febrero, 1986, en Archer M. Huntington Art Gallery (University of Texas at Austin), 23 marzo - 4 mayo, 1986 y en Center for the Fine Arts (Miami), 19 mayo - 20 julio, 1986
504 ## - NOTA DE BIBLIOGRAFÍA, ETC.
Nota de bibliografía, etc. Bibliografía : p. 83-86
600 14 - PUNTO DE ACCESO ADICIONAL DE MATERIA--NOMBRE DE PERSONA
Nombre de persona Virgen María en el arte
Subdivisión de forma Exposiciones
9 (RLIN) 4034
650 14 - PUNTO DE ACCESO ADICIONAL DE MATERIA--TÉRMINO DE MATERIA
Término de materia o nombre geográfico como elemento de entrada Ángeles en el arte
Subdivisión de forma Exposiciones
9 (RLIN) 4035
650 14 - PUNTO DE ACCESO ADICIONAL DE MATERIA--TÉRMINO DE MATERIA
Término de materia o nombre geográfico como elemento de entrada Pintura peruana
Subdivisión de forma Exposiciones
9 (RLIN) 3902
650 14 - PUNTO DE ACCESO ADICIONAL DE MATERIA--TÉRMINO DE MATERIA
Término de materia o nombre geográfico como elemento de entrada Pintura colonial
Subdivisión de forma Exposiciones
Subdivisión geográfica Perú
9 (RLIN) 4036
650 14 - PUNTO DE ACCESO ADICIONAL DE MATERIA--TÉRMINO DE MATERIA
Término de materia o nombre geográfico como elemento de entrada Pintura boliviana
Subdivisión de forma Exposiciones
9 (RLIN) 4037
650 14 - PUNTO DE ACCESO ADICIONAL DE MATERIA--TÉRMINO DE MATERIA
Término de materia o nombre geográfico como elemento de entrada Pintura colonial
Subdivisión de forma Exposiciones
Subdivisión geográfica Bolivia
9 (RLIN) 4038
650 14 - PUNTO DE ACCESO ADICIONAL DE MATERIA--TÉRMINO DE MATERIA
Término de materia o nombre geográfico como elemento de entrada Santos en el arte
Subdivisión de forma Exposiciones
9 (RLIN) 4039
700 1# - PUNTO DE ACCESO ADICIONAL--NOMBRE DE PERSONA
Nombre de persona Duncan, Barbara
Forma completa/desarrollada del nombre (Barbara Doyle)
9 (RLIN) 4040
700 1# - PUNTO DE ACCESO ADICIONAL--NOMBRE DE PERSONA
Nombre de persona Gisbert, Teresa
Fechas asociadas al nombre 1926-
9 (RLIN) 4041
942 ## - ELEMENTOS DE PUNTO DE ACCESO ADICIONAL (KOHA)
Fuente del sistema de clasificación o colocación Library of Congress Classification
Tipo de ítem Koha Libros
Holdings
Estado de retiro Estado de pérdida Estado dañado No para préstamo Localización permanente Ubicación/localización actual Fecha de adquisición Total de préstamos Signatura topográfica completa Código de barras Fecha visto por última vez Precio válido a partir de Tipo de ítem Koha
El ejemplar forma parte de la colección y puede ser consultado según las políticas vigentes.       Biblioteca del Museo Franz Mayer (Rogerio Casas-Alatriste) Biblioteca del Museo Franz Mayer (Rogerio Casas-Alatriste) 26/06/2008   ND343 .G56 1986 01730 22/03/2019 22/03/2019 Libros